[Event "29. Staufer-Open (A)"]
[Site "?"]
[Date "2017.01.02"]
[Round "1"]
[White "Gheng, Simona"]
[Black "Balzer, Tilo"]
[Result "1-0"]
[WhiteElo "1975"]
[BlackElo "1761"]
[PlyCount "99"]
[EventDate "2017.??.??"]
[WhiteTeam "SF Deizisau"]
[BlackTeam "SV Friedrichshafen"]

1. e4 e5 2. Nf3 Nf6 3. Nxe5 d6 4. Nf3 Nxe4 5. d4 d5 6. Bd3 Bg4 7. Nbd2 f5 8. c3
c6 9. O-O Bd6 10. Qb3 Qc7 11. Re1 O-O 12. Bxe4 fxe4 13. Rxe4 Bh5 14. Ne5 Kh8
15. Re1 Nd7 16. Nxd7 Qxd7 17. Nf1 Rf7 18. Ng3 Bg6 19. Be3 h5 20. h3 h4 21. Nf1
Qf5 22. Qd1 Raf8 23. Qg4 Qf6 24. f3 Be7 25. Bf2 Bf5 26. Qh5+ Kg8 27. Ne3 g6 28.
Qh6 Rh7 29. Nxf5 Rxh6 30. Nxh6+ Kg7 31. Ng4 Qd6 32. Re2 g5 33. Rae1 Bd8 34. Re5
Qg6 35. Re6 Qc2 36. R6e2 Qf5 37. Be3 b6 38. Bd2 c5 39. Re5 Qc2 40. Bxg5 Qxb2
41. Bh6+ Kg8 42. Bxf8 Kxf8 43. Re8+ Kf7 44. Rxd8 Qxc3 45. Rde8 Qxd4+ 46. Kh1
Qa4 47. R1e7+ Kg6 48. Rg8+ Kf5 49. Rf8+ Kg6 50. Rf6+ 1-0

[Event "29. Staufer-Open (B)"]
[Site "?"]
[Date "2017.01.02"]
[Round "1"]
[White "Häussler, Stefan"]
[Black "Kersten, Kay Lukas"]
[Result "1-0"]
[WhiteElo "1921"]
[BlackElo "1743"]
[PlyCount "39"]
[EventDate "2017.??.??"]
[WhiteTeam "SC Leinzell"]
[BlackTeam "Kasseler SK"]

1. e4 e5 2. f4 Nc6 3. Nf3 d6 4. Bb5 exf4 5. d4 Bd7 6. Bxf4 Qf6 7. Bg5 Qg6 8.
O-O f6 9. Bh4 O-O-O 10. Nc3 Re8 11. a4 a6 12. Bc4 Nge7 13. a5 Bg4 14. Ra4 Qh5
15. Bg3 Nxa5 16. d5 Nxc4 17. Rxc4 Ng6 18. Qd4 Bxf3 19. Qb6 Kb8 20. Rxc7 1-0

[Event "29. Staufer-Open (B)"]
[Site "?"]
[Date "2017.01.02"]
[Round "1"]
[White "Betz, Martin"]
[Black "Injac, Petar"]
[Result "1-0"]
[WhiteElo "1738"]
[BlackElo "1908"]
[PlyCount "73"]
[EventDate "2017.??.??"]
[WhiteTeam "SF Waldstetten"]
[BlackTeam "SF Göppingen"]

1. e4 d6 2. d4 c6 3. Nf3 Bg4 4. Be3 Nd7 5. Nbd2 Qc7 6. h3 Bh5 7. Be2 e5 8. O-O
Be7 9. dxe5 dxe5 10. Ng5 Ngf6 11. Bxh5 g6 12. Be2 h6 13. Ngf3 g5 14. Nh2 Nf8
15. Ng4 N6d7 16. f3 Ng6 17. Kh1 b6 18. Bc4 Nf4 19. Bxf4 exf4 20. Nb3 h5 21. Nf2
b5 22. Bd3 O-O-O 23. a4 b4 24. Qe2 Kb8 25. Bc4 Ne5 26. Rad1 Bd6 27. Nd4 g4 28.
Nf5 Bc5 29. Rxd8+ Rxd8 30. b3 Qb6 31. Nd3 gxf3 32. gxf3 f6 33. Nxf4 Bd4 34. Ne6
c5 35. Nxd8 Qxd8 36. Qg2 Kc7 37. Qg7+ 1-0

[Event "29. Staufer-Open (A)"]
[Site "?"]
[Date "2017.01.02"]
[Round "2"]
[White "Kersten, Uwe"]
[Black "Fedorchuk, Sergey A"]
[Result "1-0"]
[WhiteElo "2280"]
[BlackElo "2625"]
[PlyCount "25"]
[EventDate "2017.??.??"]
[WhiteTeam "Kasseler SK"]

1. e4 c5 2. Nf3 e6 3. c3 d5 4. exd5 Qxd5 5. d4 Nf6 6. Be3 cxd4 7. cxd4 Bb4+ 8.
Nc3 Bd7 9. a3 Bxc3+ 10. bxc3 Bb5 11. c4 Bxc4 12. Bxc4 Qxc4 13. Rc1 1-0

[Event "29. Staufer-Open (A)"]
[Site "?"]
[Date "2017.01.02"]
[Round "2"]
[White "Vorobiov, Evgeny E"]
[Black "Danada, Tomas"]
[Result "1/2-1/2"]
[WhiteElo "2585"]
[BlackElo "2246"]
[PlyCount "37"]
[EventDate "2017.??.??"]
[WhiteTeam "SF 90 Spraitbach"]

1. d4 g6 2. c4 Bg7 3. e4 Nc6 4. Ne2 e5 5. d5 Nd4 6. Nxd4 exd4 7. Nd2 c5 8. g3
d6 9. Bg2 Nf6 10. O-O O-O 11. h3 Re8 12. Rb1 b5 13. cxb5 a6 14. b6 a5 15. Re1
Ba6 16. b3 Qxb6 17. Rb2 Qb4 18. Nc4 Bxc4 19. bxc4 1/2-1/2

[Event "29. Staufer-Open (A)"]
[Site "?"]
[Date "2017.01.02"]
[Round "2"]
[White "Niegsch, Nicolas"]
[Black "Burmakin, Vladimir"]
[Result "0-1"]
[WhiteElo "2276"]
[BlackElo "2526"]
[PlyCount "57"]
[EventDate "2017.??.??"]
[WhiteTeam "SG 1871 Löberitz"]
[BlackTeam "SF 90 Spraitbach"]

1. e4 c6 2. d4 d5 3. Nc3 g6 4. Nf3 Bg7 5. Be2 dxe4 6. Nxe4 Nd7 7. O-O Ngf6 8.
Ng3 O-O 9. c3 b6 10. Bg5 h6 11. Be3 Bb7 12. Qd2 Kh7 13. h4 e6 14. h5 Nxh5 15.
Nxh5 gxh5 16. Bd3+ f5 17. Rfe1 Qf6 18. Bc4 Rae8 19. Bf4 c5 20. Re3 cxd4 21.
cxd4 Qg6 22. Nh4 Qg4 23. Rh3 Bxg2 24. Rg3 Qxh4 25. Kxg2 Qf6 26. Bb5 Rd8 27. Bc7
Nc5 28. Bxd8 Rxd8 29. Rh3 0-1

[Event "29. Staufer-Open (A)"]
[Site "?"]
[Date "2017.01.02"]
[Round "2"]
[White "Miezis, Normunds"]
[Black "Braun, Peter"]
[Result "1-0"]
[WhiteElo "2507"]
[BlackElo "2240"]
[PlyCount "53"]
[EventDate "2017.??.??"]
[WhiteTeam "SC Emmendingen"]
[BlackTeam "SK Frankenthal"]

1. c4 Nf6 2. Nc3 c5 3. g3 e6 4. e4 Nc6 5. f4 d5 6. e5 d4 7. exf6 dxc3 8. bxc3
Qxf6 9. Bg2 Be7 10. Ne2 O-O 11. O-O Bd7 12. d4 Rad8 13. Be3 b6 14. dxc5 Bxc5
15. Bxc5 bxc5 16. Qd6 e5 17. Qxc5 Bg4 18. Rae1 Rc8 19. fxe5 Qxe5 20. Qf2 Bxe2
21. Rxe2 Qxc3 22. Bxc6 Qxc4 23. Rc2 Qe6 24. Ba4 Qb6 25. Qxb6 axb6 26. Rxc8 Rxc8
27. Rd1 1-0

[Event "29. Staufer-Open (A)"]
[Site "?"]
[Date "2017.01.02"]
[Round "2"]
[White "Namyslo, Holger"]
[Black "Dgebuadze, Alexandre"]
[Result "0-1"]
[WhiteElo "2233"]
[BlackElo "2505"]
[PlyCount "82"]
[EventDate "2017.??.??"]
[WhiteTeam "TG Biberach"]

1. e4 e6 2. d4 d5 3. Nc3 Bb4 4. e5 Ne7 5. Qg4 c5 6. dxc5 d4 7. a3 Qa5 8. Qxd4
Nbc6 9. Qc4 Bxc3+ 10. Qxc3 Qxc3+ 11. bxc3 Nxe5 12. Be2 Bd7 13. Nf3 Nxf3+ 14.
Bxf3 Bc6 15. Bxc6+ Nxc6 16. Rb1 O-O-O 17. Ke2 Rd5 18. Be3 Rhd8 19. g3 Re5 20.
Rhd1 Rxd1 21. Rxd1 Re4 22. f4 Ra4 23. Ra1 f6 24. h4 h5 25. Kd2 Kd7 26. Kd3 Na5
27. Bd2 Nc4 28. Rb1 Nxd2 29. Kxd2 Kc7 30. Re1 Ra6 31. Re4 Kd7 32. Rd4+ Kc6 33.
Rd6+ Kxc5 34. Rxa6 bxa6 35. Kd3 a5 36. c4 a4 37. Kc3 e5 38. Kd3 a6 39. fxe5
fxe5 40. Ke4 Kxc4 41. Kxe5 Kc3 0-1

[Event "29. Staufer-Open (A)"]
[Site "?"]
[Date "2017.01.02"]
[Round "2"]
[White "Hildenbrand, Peter"]
[Black "Teske, Henrik"]
[Result "0-1"]
[WhiteElo "2226"]
[BlackElo "2498"]
[PlyCount "46"]
[EventDate "2017.??.??"]
[WhiteTeam "SC Leimen"]
[BlackTeam "SV Empor Erfurt"]

1. d4 d5 2. Bf4 Nf6 3. e3 g6 4. c3 Bg7 5. Be2 O-O 6. Nd2 c5 7. g4 cxd4 8. exd4
Nc6 9. h4 Re8 10. Be5 Nxe5 11. dxe5 Ne4 12. h5 Qb6 13. Nxe4 dxe4 14. hxg6 hxg6
15. Qc2 Rd8 16. f3 Bxe5 17. Bc4 Qe3+ 18. Qe2 Bxc3+ 19. bxc3 Qxc3+ 20. Kf1 Rd2
21. Rd1 Rxe2 22. Rd8+ Kg7 23. Bxe2 exf3 0-1

[Event "29. Staufer-Open (A)"]
[Site "?"]
[Date "2017.01.02"]
[Round "2"]
[White "Gavrilov, Alexei"]
[Black "Hentrich, Johannes"]
[Result "1-0"]
[WhiteElo "2498"]
[BlackElo "2215"]
[PlyCount "63"]
[EventDate "2017.??.??"]

1. d4 Nf6 2. c4 g6 3. Nc3 Bg7 4. e4 d6 5. Nf3 O-O 6. Be2 e5 7. O-O Nc6 8. d5
Ne7 9. a4 a5 10. Ne1 Nd7 11. Nd3 b6 12. Nb5 f5 13. f3 Nf6 14. Nf2 f4 15. Bd2 g5
16. b4 axb4 17. Bxb4 Ne8 18. a5 bxa5 19. Rxa5 Rxa5 20. Bxa5 Bd7 21. c5 Bxb5 22.
Bxb5 Qb8 23. Qa4 Nf6 24. Rc1 Nc8 25. Nd3 g4 26. Bc4 Kh8 27. Qb5 Qxb5 28. Bxb5
gxf3 29. gxf3 Na7 30. Ba6 Rf7 31. cxd6 cxd6 32. Rc7 1-0

[Event "29. Staufer-Open (A)"]
[Site "?"]
[Date "2017.01.02"]
[Round "2"]
[White "Kantor, Gergely"]
[Black "Wartlick, Karl"]
[Result "1-0"]
[WhiteElo "2448"]
[BlackElo "2208"]
[PlyCount "35"]
[EventDate "2017.??.??"]
[BlackTeam "TSV Willsbach"]

1. d4 e6 2. c4 b6 3. e4 Bb7 4. Bd3 Bb4+ 5. Kf1 Be7 6. Nc3 d6 7. Nf3 Nf6 8. g3
Nbd7 9. Kg2 a6 10. Re1 c5 11. e5 Ng4 12. Be4 Bxe4 13. Rxe4 cxd4 14. exd6 Bf6
15. Nd5 Kf8 16. Nc7 Nge5 17. Nxd4 Rc8 18. Ndxe6+ 1-0

[Event "29. Staufer-Open (A)"]
[Site "?"]
[Date "2017.01.02"]
[Round "2"]
[White "Henrich, Thomas"]
[Black "Krassowizkij, Jaroslaw"]
[Result "1/2-1/2"]
[WhiteElo "2224"]
[BlackElo "2447"]
[PlyCount "46"]
[EventDate "2017.??.??"]
[WhiteTeam "SK Marburg"]
[BlackTeam "SV Griesheim"]

1. d4 Nf6 2. c4 g6 3. Nc3 d5 4. Qb3 dxc4 5. Qxc4 Bg7 6. e4 O-O 7. Be2 Nc6 8.
Be3 e5 9. Nf3 Ng4 10. Bg5 Qd7 11. d5 Nd4 12. h3 Nxf3+ 13. Bxf3 Nf6 14. O-O Ne8
15. Rac1 Nd6 16. Qb3 f5 17. Be3 a6 18. Bc5 Rf6 19. Rfe1 b6 20. Ba3 Qf7 21. exf5
Bxf5 22. Bxd6 Rxd6 23. Ne4 Bxe4 1/2-1/2

[Event "29. Staufer-Open (A)"]
[Site "?"]
[Date "2017.01.02"]
[Round "2"]
[White "Böhm, Martin"]
[Black "Womacka, Mathias"]
[Result "0-1"]
[WhiteElo "2204"]
[BlackElo "2435"]
[PlyCount "52"]
[EventDate "2017.??.??"]
[WhiteTeam "SC Bann"]
[BlackTeam "SK Schwäbisch Hall"]

1. Nf3 c5 2. e4 d6 3. Bb5+ Nd7 4. c3 Ngf6 5. O-O Nxe4 6. d4 a6 7. Ba4 b5 8. Bc2
Nef6 9. a4 Bb7 10. Qe2 e6 11. dxc5 dxc5 12. axb5 axb5 13. Rxa8 Qxa8 14. Na3 b4
15. Nb5 Qb8 16. Ng5 Be7 17. Rd1 O-O 18. Nxe6 fxe6 19. Qxe6+ Kh8 20. Qxe7 Bxg2
21. Rxd7 Nxd7 22. Qxd7 Qa8 23. Nd6 Qf3 24. Nf5 Qg4 25. Qe7 Bc6+ 26. Ng3 Re8 0-1

[Event "29. Staufer-Open (A)"]
[Site "?"]
[Date "2017.01.02"]
[Round "2"]
[White "Nagy, Gabor"]
[Black "Nickel, Rüdiger"]
[Result "1-0"]
[WhiteElo "2433"]
[BlackElo "2203"]
[PlyCount "83"]
[EventDate "2017.??.??"]
[BlackTeam "SK Dinkelsbühl"]

1. e4 c5 2. Nf3 d6 3. d4 cxd4 4. Qxd4 Nc6 5. Bb5 Qa5+ 6. Nc3 Bd7 7. Qd3 a6 8.
Bxc6 bxc6 9. O-O e5 10. Be3 Nf6 11. Bg5 Nh5 12. Nd2 Be6 13. Nc4 Qb4 14. b3 h6
15. Bd2 Rd8 16. a3 Qb8 17. Na5 Qc8 18. Na2 Be7 19. Nb4 c5 20. Nbc6 Rd7 21. Nxe7
Kxe7 22. c4 Rc7 23. b4 Nf4 24. Bxf4 exf4 25. b5 axb5 26. cxb5 c4 27. Qd4 Rc5
28. Rfd1 Rxb5 29. Qxd6+ Kf6 30. Nc6 Re8 31. Na7 Qc5 32. Nxb5 Qxb5 33. Qxf4+ Kg6
34. Qd2 Qc6 35. Qc2 Kh7 36. a4 Ra8 37. a5 Ra6 38. e5+ g6 39. Rd6 Qb5 40. Rxa6
Qxa6 41. Qc3 Bc8 42. Rd1 1-0

[Event "29. Staufer-Open (A)"]
[Site "?"]
[Date "2017.01.02"]
[Round "2"]
[White "Jansen, Dirk Norbert"]
[Black "Velicka, Petr"]
[Result "1/2-1/2"]
[WhiteElo "2166"]
[BlackElo "2420"]
[PlyCount "94"]
[EventDate "2017.??.??"]
[WhiteTeam "SVG Plettenberg"]
[BlackTeam "SK Passau"]

1. e4 c6 2. d4 d5 3. Nc3 dxe4 4. Nxe4 Bf5 5. Ng3 Bg6 6. h4 h6 7. h5 Bh7 8. Nf3
Nf6 9. Bd3 Bxd3 10. Qxd3 e6 11. Bd2 c5 12. O-O-O Nc6 13. Bc3 Qd5 14. dxc5 Qxd3
15. cxd3 Bxc5 16. Bxf6 gxf6 17. d4 Bd6 18. Ne4 Bf4+ 19. Kb1 f5 20. Nc3 O-O-O
21. d5 Ne5 22. Nd4 Ng4 23. dxe6 Nxf2 24. e7 Rd7 25. Rde1 Re8 26. Rhf1 Rxd4 27.
Rxf2 Bg3 28. Rc2 Bxe1 29. Nb5+ Kb8 30. Nxd4 Rxe7 31. Nxf5 Re6 32. g4 Bb4 33. g5
Bf8 34. Nxh6 Bxh6 35. gxh6 Rxh6 36. Rc5 b6 37. Rf5 f6 38. Kc2 Kc7 39. a4 Kd6
40. a5 bxa5 41. Rxa5 Rh8 42. Kd3 Ke6 43. Ke4 Rb8 44. Ra6+ Kf7 45. Kf5 Kg7 46.
h6+ Kxh6 47. Kxf6 Rxb2 1/2-1/2

[Event "29. Staufer-Open (A)"]
[Site "?"]
[Date "2017.01.02"]
[Round "2"]
[White "Wagner, Hans"]
[Black "Zeller, Frank"]
[Result "0-1"]
[WhiteElo "2096"]
[BlackElo "2389"]
[PlyCount "70"]
[EventDate "2017.??.??"]
[WhiteTeam "MTV Ingolstadt"]
[BlackTeam "SK Schwäbisch Hall"]

1. b3 c5 2. Bb2 d6 3. e3 Nd7 4. Nf3 e5 5. d3 Ngf6 6. Nbd2 Be7 7. Be2 O-O 8. O-O
Re8 9. e4 Nf8 10. Re1 Ng6 11. Bf1 Bf8 12. h3 Rb8 13. g3 h5 14. h4 b5 15. a4 a6
16. Bg2 Qc7 17. axb5 axb5 18. Qe2 Ne7 19. Nf1 Nc6 20. Ne3 Nd4 21. Qd1 g6 22.
Nd2 Bg7 23. Nd5 Nxd5 24. exd5 Bg4 25. f3 Bd7 26. c3 Nf5 27. Ne4 Qb7 28. Bh1
Qxd5 29. Ra7 Qc6 30. g4 Nxh4 31. gxh5 d5 32. Ng3 c4 33. Ra2 Qb6+ 34. Kf1 Bh3+
35. Ke2 e4 0-1

[Event "29. Staufer-Open (A)"]
[Site "?"]
[Date "2017.01.02"]
[Round "2"]
[White "Barchuk, Irina"]
[Black "Wöllermann, Jan"]
[Result "0-1"]
[WhiteElo "2105"]
[BlackElo "2384"]
[PlyCount "76"]
[EventDate "2017.??.??"]
[BlackTeam "AE Magdeburg"]

1. e4 e5 2. Nf3 Nc6 3. Bc4 Nf6 4. Ng5 d5 5. exd5 Na5 6. Bb5+ c6 7. dxc6 bxc6 8.
Qf3 Be7 9. Bd3 h6 10. Ne4 Nd5 11. Ng3 g6 12. Nc3 Be6 13. O-O O-O 14. Re1 Bf6
15. Nge4 Bg7 16. Nc5 Bc8 17. Be4 Ne7 18. b4 Qd4 19. bxa5 Qxc5 20. a4 Qxa5 21.
Ba3 Qd8 22. Bxc6 Rb8 23. Bb5 a6 24. Bc4 Bb7 25. Qe2 Re8 26. Bxa6 Bxa6 27. Qxa6
Qxd2 28. Nb5 Nf5 29. c3 e4 30. Bc5 e3 31. Rad1 Qxf2+ 32. Kh1 Be5 33. Nd4 Nxd4
34. cxd4 Rb2 35. Qc6 Re6 36. Qc8+ Kh7 37. Rg1 Bxh2 38. Rdf1 Bxg1 0-1

[Event "29. Staufer-Open (A)"]
[Site "?"]
[Date "2017.01.02"]
[Round "2"]
[White "Rempeli, Alex"]
[Black "Kostic, Vladimir"]
[Result "0-1"]
[WhiteElo "2023"]
[BlackElo "2352"]
[PlyCount "146"]
[EventDate "2017.??.??"]
[WhiteTeam "SF Deizisau"]
[BlackTeam "SK München Südost"]

1. d4 d5 2. c4 e6 3. Nf3 c5 4. cxd5 exd5 5. Nc3 Nc6 6. dxc5 d4 7. Na4 b5 8.
cxb6 axb6 9. e3 Bb4+ 10. Bd2 dxe3 11. fxe3 Bd7 12. Bxb4 Nxb4 13. Nc3 Qe7 14.
Kf2 Nf6 15. h3 O-O 16. Bc4 Rac8 17. Qe2 Qc5 18. Bb3 Be6 19. Bxe6 fxe6 20. Rhd1
g5 21. a3 Nbd5 22. Rac1 Nxc3 23. bxc3 g4 24. hxg4 Nxg4+ 25. Kg1 Nxe3 26. Rd4
Nf5 27. Qxe6+ Kh8 28. Rb1 Nxd4 29. cxd4 Qh5 30. Qe5+ Qxe5 31. dxe5 Rc6 32. Rb4
Rg6 33. Kf1 Rfg8 34. Rb2 Ra8 35. Rb3 Ra4 36. Rd3 h5 37. Rc3 Kg8 38. Kg1 Re4 39.
Kf2 Kf8 40. g3 Ra4 41. Nh4 Re6 42. Kf3 Ke8 43. Re3 Rg4 44. Nf5 Kd7 45. Rd3+ Kc7
46. Rc3+ Kb8 47. Re3 Ka7 48. Nh4 b5 49. Ng2 Re8 50. Nf4 Rg5 51. e6 Rf5 52. Ke4
Rg5 53. Kd4 Kb7 54. Re5 Rxg3 55. Rxb5+ Kc6 56. Rxh5 Rxa3 57. Rc5+ Kb7 58. Rd5
Ra1 59. Re5 Rd1+ 60. Ke3 Kc6 61. Ke2 Ra1 62. Re3 Kd6 63. Rd3+ Ke5 64. Ke3 Re1+
65. Kf2 Re4 66. Ne2 Rxe6 67. Re3 Rf6+ 68. Rf3 Rh6 69. Nc3 Reh4 70. Ne2 Rh2+ 71.
Ke3 Ra6 72. Nc3 Rc2 73. Ne2 Raa2 0-1

[Event "29. Staufer-Open (A)"]
[Site "?"]
[Date "2017.01.02"]
[Round "2"]
[White "Rafiee, Makan"]
[Black "Richter, Gerald"]
[Result "1-0"]
[WhiteElo "2316"]
[BlackElo "2104"]
[PlyCount "83"]
[EventDate "2017.??.??"]
[WhiteTeam "Kasseler SK"]
[BlackTeam "Siegener SV"]

1. e4 c5 2. Nf3 e6 3. d4 cxd4 4. Nxd4 Nc6 5. Nc3 Qc7 6. Be3 a6 7. Bd3 b5 8.
Nxc6 dxc6 9. a4 b4 10. Nb1 Nf6 11. Nd2 Be7 12. Nc4 c5 13. a5 Bb7 14. f3 Nd7 15.
O-O O-O 16. Qe2 Bc6 17. f4 Qb7 18. e5 Rfe8 19. Bc1 Bf8 20. b3 Bd5 21. Bb2 Qc6
22. Rad1 Ra7 23. Ne3 g6 24. Rd2 Bg7 25. Bc4 Bxc4 26. Nxc4 Nb8 27. Rd6 Qc7 28.
Rfd1 Bf8 29. Qe4 Qe7 30. g3 Qc7 31. Kf2 Qe7 32. h4 h5 33. Rg1 Kh7 34. Ke2 Bh6
35. Kd1 Bg7 36. Kc1 Rd8 37. g4 Rxd6 38. Nxd6 f5 39. exf6 Bxf6 40. gxh5 Bxb2+
41. Kxb2 Qf6+ 42. Ka2 1-0

[Event "29. Staufer-Open (A)"]
[Site "?"]
[Date "2017.01.02"]
[Round "2"]
[White "Cebulla, Konstantin"]
[Black "Keller, Peter"]
[Result "0-1"]
[WhiteElo "2054"]
[BlackElo "2295"]
[PlyCount "116"]
[EventDate "2017.??.??"]
[WhiteTeam "SV Dinslaken"]
[BlackTeam "Frankfurter TV"]

1. d4 d5 2. Nf3 Nf6 3. c4 c6 4. e3 Bg4 5. Qb3 Qb6 6. Nc3 e6 7. Nh4 Bh5 8. h3
Nbd7 9. g4 Bg6 10. Nxg6 hxg6 11. Be2 Be7 12. Bd2 g5 13. Qc2 dxc4 14. O-O-O Qa6
15. e4 b5 16. Bxg5 Nb6 17. Bxf6 Bxf6 18. e5 Bg5+ 19. Kb1 Nd5 20. Ka1 Qa5 21. h4
Be7 22. g5 b4 23. Qa4 Qxa4 24. Nxa4 c3 25. Bf3 O-O-O 26. bxc3 Nxc3 27. Nxc3
bxc3 28. Bxc6 f6 29. Rh3 Bc5 30. d5 fxe5 31. Kb1 Bd4 32. dxe6 Kc7 33. Ba4 Rb8+
34. Bb3 a5 35. Kc1 Rhf8 36. f3 Kd6 37. h5 Rb4 38. h6 gxh6 39. gxh6 a4 40. h7
axb3 41. h8=Q Rxh8 42. Rxh8 bxa2 43. Ra8 Rb1+ 44. Kc2 Rb2+ 45. Kd3 c2 46. Rc1
Rb1 47. Ra6+ Ke7 48. Rxc2 a1=Q 49. Rxa1 Bxa1 50. Rc6 Rd1+ 51. Ke3 Rd4 52. Ra6
Bb2 53. Rb6 Bc1+ 54. Kf2 Rd6 55. Rb1 Bf4 56. Rb2 Rd2+ 57. Rxd2 Bxd2 58. Ke2 Bf4
0-1

[Event "29. Staufer-Open (A)"]
[Site "?"]
[Date "2017.01.02"]
[Round "2"]
[White "Hacker, Jonas"]
[Black "Kleman, Miroslav"]
[Result "1-0"]
[WhiteElo "2382"]
[BlackElo "2175"]
[PlyCount "133"]
[EventDate "2017.??.??"]
[WhiteTeam "SC Eppingen"]
[BlackTeam "SC Grunbach"]

1. e4 e5 2. Nf3 f5 3. Nxe5 Nf6 4. exf5 Qe7 5. Qe2 d6 6. Nc4 Bxf5 7. Qxe7+ Bxe7
8. Ne3 Bg6 9. d4 d5 10. Nd2 Nc6 11. c3 O-O 12. Be2 Bd6 13. O-O Ne7 14. Bf3 c6
15. g3 a5 16. a4 Rfe8 17. Rd1 h6 18. b3 Nc8 19. Bb2 Bc7 20. Rac1 Nd6 21. c4
dxc4 22. bxc4 Bd8 23. Bg2 Be7 24. c5 Nf5 25. Nec4 Bf7 26. Bh3 g6 27. Ne5 Nd5
28. Nxf7 Kxf7 29. Nc4 Bg5 30. Rb1 Re7 31. Ba1 Kg7 32. Nb6 Nxb6 33. d5+ Bf6 34.
Bxf6+ Kxf6 35. Rxb6 Rc8 36. Rdb1 Ke5 37. Re1+ Kxd5 38. Rxe7 Nxe7 39. Bxc8 Kxc5
40. Rxb7 Nxc8 41. h4 Nb6 42. Ra7 Nxa4 43. h5 gxh5 44. Rxa5+ Kb4 45. Rxh5 c5 46.
Rxh6 c4 47. g4 c3 48. Kg2 c2 49. Rh1 Nb2 50. Rc1 Nd3 51. Rxc2 Ne1+ 52. Kg3 Nxc2
53. g5 Nd4 54. g6 Kc5 55. Kg4 Nc6 56. Kg5 Kd6 57. Kf6 Ne7 58. f4 Ng8+ 59. Kg7
Ne7 60. Kf7 Nf5 61. Kf6 Nh6 62. f5 Kd7 63. g7 Ng8+ 64. Kf7 Nh6+ 65. Kg6 Ng8 66.
Kf7 Nh6+ 67. Kf8 1-0

[Event "29. Staufer-Open (A)"]
[Site "?"]
[Date "2017.01.02"]
[Round "2"]
[White "Bogdanov, Egor"]
[Black "Mertens, Fridolin"]
[Result "1-0"]
[WhiteElo "2379"]
[BlackElo "2147"]
[PlyCount "95"]
[EventDate "2017.??.??"]
[WhiteTeam "SF Gerresheim"]
[BlackTeam "SG 1871 Löberitz"]

1. e4 c5 2. Nf3 Nc6 3. c3 d5 4. exd5 Qxd5 5. d4 e6 6. Bd3 Nf6 7. O-O cxd4 8.
cxd4 Be7 9. Nc3 Qd8 10. Bg5 O-O 11. Rc1 Nd5 12. Bxe7 Ncxe7 13. Ne5 Ng6 14. Nxg6
hxg6 15. Be4 Nf6 16. Bf3 Rb8 17. Re1 b5 18. Qd3 Qb6 19. Re5 a6 20. Ne4 Nxe4 21.
Bxe4 Bb7 22. Rec5 Rfd8 23. b4 Qd6 24. Rd1 Qf4 25. Bxb7 Rxb7 26. g3 Qb8 27. Qe4
Rbd7 28. Kg2 Rd5 29. a3 Qd6 30. Rxd5 Qxd5 31. Qxd5 Rxd5 32. Kf3 Kf8 33. Ke4 Ke7
34. Rc1 Kd7 35. Rc5 Rd6 36. h4 Rb6 37. f4 Rb8 38. Rg5 Rh8 39. d5 Rh5 40. Rxh5
gxh5 41. Ke5 Ke7 42. Kd4 Kd6 43. dxe6 Kxe6 44. Kc5 Kf5 45. Kb6 Kg4 46. Kxa6
Kxg3 47. Kxb5 Kxh4 48. a4 1-0

[Event "29. Staufer-Open (A)"]
[Site "?"]
[Date "2017.01.02"]
[Round "2"]
[White "Pfreundt, Jakob"]
[Black "Einwiller, Dieter"]
[Result "1-0"]
[WhiteElo "2347"]
[BlackElo "2108"]
[PlyCount "53"]
[EventDate "2017.??.??"]
[WhiteTeam "Königsspr. SC"]
[BlackTeam "SF Pfullingen"]

1. e4 d5 2. exd5 Nf6 3. Nf3 Nxd5 4. d4 g6 5. c4 Nb6 6. Nc3 Bg7 7. c5 Nd5 8. Bc4
c6 9. Qb3 O-O 10. O-O Nxc3 11. bxc3 b5 12. cxb6 axb6 13. Ng5 e6 14. Re1 b5 15.
Bf1 Qd5 16. Bf4 Bd7 17. Ne4 Na6 18. Rad1 f5 19. c4 bxc4 20. Bxc4 Qa5 21. Bxe6+
Bxe6 22. Qxe6+ Kh8 23. Ng5 Qd5 24. Qe7 h6 25. Be5 Rg8 26. Rb1 hxg5 27. Re3 1-0

[Event "29. Staufer-Open (A)"]
[Site "?"]
[Date "2017.01.02"]
[Round "2"]
[White "Thomas, Ingo"]
[Black "Frischmann, Rick"]
[Result "1/2-1/2"]
[WhiteElo "2135"]
[BlackElo "2323"]
[PlyCount "31"]
[EventDate "2017.??.??"]
[WhiteTeam "Krefelder SK Turm"]
[BlackTeam "SC Schwarzenbach"]

1. e4 c5 2. Nf3 e6 3. b3 b6 4. Bb2 Bb7 5. Nc3 Nc6 6. g3 a6 7. Bg2 Qc7 8. O-O
Nf6 9. Re1 h5 10. h3 d6 11. d4 cxd4 12. Nxd4 h4 13. Nd5 Nxd5 14. exd5 Nxd4 15.
Qxd4 e5 16. Qa4+ 1/2-1/2

[Event "29. Staufer-Open (A)"]
[Site "?"]
[Date "2017.01.02"]
[Round "2"]
[White "Daverkausen, Bernd"]
[Black "Wichmann, Cliff"]
[Result "0-1"]
[WhiteElo "2136"]
[BlackElo "2319"]
[PlyCount "83"]
[EventDate "2017.??.??"]
[WhiteTeam "Kölner SK Dr. Lasker"]
[BlackTeam "ESV Nickelhütte Aue"]

1. c4 Nf6 2. Nf3 c6 3. g3 d5 4. b3 Bf5 5. Bg2 e6 6. O-O Be7 7. d3 O-O 8. Bb2 h6
9. Nbd2 Nbd7 10. Nd4 Bh7 11. e4 Qb6 12. Qe2 Nc5 13. Rad1 Rad8 14. Bc3 Rd7 15.
b4 Na4 16. Ba1 dxe4 17. Nxe4 Rxd4 18. Qc2 Rxe4 19. dxe4 Qxb4 20. Rb1 Qa5 21.
Rxb7 Re8 22. Qb1 Nb6 23. Rc1 Bg6 24. Bd4 c5 25. Bc3 Qa6 26. Rc7 Nxc4 27. Bxf6
Bxf6 28. Rxc5 Nb6 29. Qb3 Bd4 30. Qb5 Qxb5 31. Rxb5 Nd7 32. Kf1 e5 33. f3 Nb6
34. Bh3 f6 35. Rc7 Bf7 36. Ra5 Bc4+ 37. Kg2 a6 38. Ra3 Kf8 39. Bf5 Rd8 40. Ra5
Re8 41. Rb7 Re7 42. Bg6 0-1

[Event "29. Staufer-Open (A)"]
[Site "?"]
[Date "2017.01.02"]
[Round "2"]
[White "Schneider, Bruno"]
[Black "Keymer, Vincent"]
[Result "0-1"]
[WhiteElo "2070"]
[BlackElo "2428"]
[PlyCount "84"]
[EventDate "2017.??.??"]
[WhiteTeam "TSV Langenau"]
[BlackTeam "SK Gau-Algesheim"]

1. e4 c5 2. c3 Nf6 3. e5 Nd5 4. Bc4 Nb6 5. Bb3 d6 6. Qe2 dxe5 7. Qxe5 e6 8. Nf3
Nc6 9. Qe4 Be7 10. Ne5 Bd7 11. Na3 Nxe5 12. Qxe5 O-O 13. d4 cxd4 14. Qxd4 Bxa3
15. bxa3 Bb5 16. Be3 Qc7 17. Qc5 Qxc5 18. Bxc5 Rfc8 19. Bd4 Nd7 20. f4 Nc5 21.
Bc2 Bd3 22. Bd1 Rc6 23. Kd2 Be4 24. Ke3 Bd5 25. Bc2 Rac8 26. Bd3 Nxd3 27. Kxd3
Ra6 28. a4 Rxa4 29. a3 Rc6 30. Rhe1 f6 31. g4 Rca6 32. g5 Kf7 33. gxf6 gxf6 34.
Rg1 Rxa3 35. Rxa3 Rxa3 36. Rg3 Ra5 37. Rh3 h5 38. f5 e5 39. Be3 Ra4 40. Rxh5
Be4+ 41. Kd2 Ra2+ 42. Ke1 Bf3 0-1

[Event "29. Staufer-Open (A)"]
[Site "?"]
[Date "2017.01.02"]
[Round "2"]
[White "Staufenberger, Bernd"]
[Black "Buckels, Valentin"]
[Result "0-1"]
[WhiteElo "2042"]
[BlackElo "2309"]
[PlyCount "38"]
[EventDate "2017.??.??"]
[WhiteTeam "SG KK Hohentübingen"]
[BlackTeam "SV Mülheim-Nord"]

1. e4 e5 2. f4 exf4 3. Nf3 Ne7 4. d4 d5 5. Nc3 dxe4 6. Nxe4 Nd5 7. Bd3 Be7 8.
O-O O-O 9. c4 Ne3 10. Bxe3 fxe3 11. Qe2 f5 12. Ng3 f4 13. Ne4 Bg4 14. d5 Nd7
15. g3 Ne5 16. gxf4 Rxf4 17. Ned2 Nxd3 18. Qxd3 exd2 19. Qxh7+ Kxh7 0-1

[Event "29. Staufer-Open (B)"]
[Site "?"]
[Date "2017.01.02"]
[Round "2"]
[White "Meusel, Rolf"]
[Black "Junger, Ulrich"]
[Result "0-1"]
[WhiteElo "1867"]
[BlackElo "1995"]
[PlyCount "102"]
[EventDate "2017.??.??"]
[WhiteTeam "SK Handschuhsheim"]
[BlackTeam "SV Ebersbach"]

1. e4 d6 2. d4 e5 3. Nf3 Nf6 4. dxe5 Nxe4 5. Bd3 Nc5 6. O-O Be7 7. Bf4 dxe5 8.
Bxe5 f6 9. Bg3 Nxd3 10. Qxd3 Qxd3 11. cxd3 Na6 12. Nc3 O-O 13. Rfe1 Bb4 14. a3
Bxc3 15. bxc3 Bf5 16. Re3 Rfe8 17. Rae1 Rxe3 18. Rxe3 Rd8 19. Ne1 Kf7 20. Kf1
Rd7 21. Ke2 Nc5 22. f3 Na4 23. Kd2 Nb6 24. Kc2 Nc4 25. Re2 Nxa3+ 26. Kb2 Nb5
27. d4 Nd6 28. Kb3 Be6+ 29. Kb4 b6 30. Nc2 a5+ 31. Ka4 Nf5 32. Bf2 Re7 33. Re1
Bd7+ 34. Kb3 Rxe1 35. Bxe1 Ke6 36. Bf2 g5 37. Ka3 Nd6 38. Kb3 f5 39. Ne3 f4 40.
Ng4 Nf7 41. Bg1 h5 42. Nf2 Kf5 43. Nd3 g4 44. fxg4+ hxg4 45. Kc4 Nd6+ 46. Kb3
Bc6 47. g3 f3 48. Ne5 Be8 49. Bf2 Ne4 50. Nd3 Bb5 51. c4 Nd2+ 0-1